Aston Villa Starting Lineups 2023-34 - Statistics

General Stats
  • This quiz has been taken 51 times
  • The average score is 13 of 16
Answer Stats
Hint Answer % Correct
GK Emiliano Martinez
100%
ST Ollie Watkins
100%
DF Matty Cash
98%
LW Leon Bailey
93%
RW Moussa Diaby
93%
MF Douglas Luiz
90%
MF John McGinn
88%
DF Pau Torres
85%
DF Alex Moreno
83%
MF Boubacar Kamara
83%
DF Diego Carlos
80%
Bench Jacob Ramsey
73%
Bench Clement Lenglet
55%
Bench Nicolo Zaniolo
55%
Bench Youri Tielemans
55%
Bench Ezri Konsa
40%
No matching quizzes found
Score Distribution
Percent of People with Each Score
Percentile by Number Answered
Your Score History
You have not taken this quiz